Sobre el orden liberal del mundo /

Uloženo v:
Podrobná bibliografie
Hlavní autor: Orozco a, José Luis (autor)
Médium: Kniha
Jazyk:španělština
Vydáno: México : UNAM, Centro Coordinador y Difusor de Estudios Latinoamericanos : Miguel Angel Porrúa, 1995, c1995
Edice:(Las Ciencias Sociales)
Témata:
Tagy: Přidat tag
Žádné tagy, Buďte první, kdo vytvoří štítek k tomuto záznamu!

MARC

LEADER 00000nam^a2200000^a^4500
001 000444668
005 20250521000000.0
009 20260310123523.117
020 |a 968-842-511-7 
037 |a Acervo ITESO - Biblioteca 
041 |a ESP 
082 |a 320. 01  |b ORO 
100 |a Orozco a, José Luis  |e (autor) 
245 1 0 |a Sobre el orden liberal del mundo /  |c J.L. Orozco. 
264 4 |a México :  |b UNAM, Centro Coordinador y Difusor de Estudios Latinoamericanos :  |b Miguel Angel Porrúa,  |c 1995, c1995 
300 |a 222 p. 
336 |a texto  |b txt  |2 rdacontenido 
337 |a sin mediación  |b n  |2 rdamedio 
338 |a volumen  |b nc  |2 rdasoporte 
440 4 |a (Las Ciencias Sociales) 
649 |a XX 
650 |a Liberalismo y Neoliberalismo Económicos -  |x Historia y Crítica -  |x Tema Principal 
650 |a Globalización 
650 |a Nuevo Orden Económico Internacional 
650 |a Filosofía Norteamericana -  |x Historia y Crítica 
650 |a Cultura -  |x Filosofía 
650 |a Economía -  |x Teoría 
650 |a Política -  |x Teoría 
650 |a EUA -  |x Condiciones Políticas 
910 |a Fondo Castillo-Martínez 
920 |a Impresos - Libros 
930 |a Fondos Especiales 
905 |a 127 
901 |a 0500344272  |b IT2  |c ESP  |i D16055  |u 20250521 
902 |a https://opac.biblio.iteso.mx/vufind/Record/000444668